00323nam a2200121Ia 4500008004100000041000800041082001500049100001600064245006300080260003000143300001900173365000900192240624s9999 xx 000 0 und d aeng a153.4 FER  aFERNER ADAM aTHINK DIFFERENTLY OPEN YOUR MIND PHILOSOPHY FOR MODERN LIF c2018aLondonbAurum Press a157 p.; 23 cm. cb25